Normal view
MARC view
- C by Example
Entry Topical Term
001 - CONTROL NUMBER
- control field: 125396
003 - CONTROL NUMBER IDENTIFIER
- control field: NUST
005 - DATE AND TIME OF LATEST TRANSACTION
- control field: 20240827143318.0
008 - FIXED-LENGTH DATA ELEMENTS
- fixed length control field: 240827|| aca||aabn | a|a d
040 ## - CATALOGING SOURCE
- Original cataloging agency: NUST
- Transcribing agency: NUST
150 ## - HEADING--TOPICAL TERM
- Topical term or geographic name entry element: C by Example
670 ## - SOURCE DATA FOUND
- Source citation: Work cat.: (NUST): Noel Kalicharan 125395, C by Example, 1994.
